| 000 | 00862nam a22002417a 4500 | ||
|---|---|---|---|
| 001 | 6798 | ||
| 003 | FISKH | ||
| 005 | 20250528151259.0 | ||
| 008 | 250528b cb ||||| |||| 00| 0 eng d | ||
| 020 | _a9780545331524 | ||
| 040 |
_aFISKH _beng _cFISKH _dFISKH |
||
| 050 | _aE176 .C14 | ||
| 082 | _a973.099 | ||
| 100 | _aCalkhoven, Laurie | ||
| 245 |
_aI grew up to be president / _cLaurie Calkhoven ; illustrated by Rebecca Zonchek |
||
| 260 |
_aNew York : _bScholastic, _c2011. |
||
| 300 |
_a96 pages : _bcolor illustrations ; _c28 cm |
||
| 520 | _aAn introduction to the presidents of the United States describes each president's childhood, career, achievements while in office, and life after the White House. | ||
| 650 |
_aAmerican Presidents _vPresident's Day |
||
| 700 |
_aZonchek, Rebecca _eillustrator |
||
| 942 |
_2ddc _cBK _n0 |
||
| 999 |
_c6798 _d6798 |
||